<marc:collection xmlns:xsi="http://www.w3.org/2001/XMLSchema-instance" xmlns:marc="http://www.loc.gov/MARC21/slim" xsi:schemaLocation="http://www.loc.gov/MARC21/slim http://www.loc.gov/standards/marcxml/schema/MARC21slim.xsd">
    <marc:record>
        <marc:leader>     nam a22      c 4500</marc:leader>
        <marc:controlfield tag="001">la.289/799031037</marc:controlfield>
        <marc:controlfield tag="003">nljbp</marc:controlfield>
        <marc:controlfield tag="005">251127054331.5</marc:controlfield>
        <marc:controlfield tag="007">cr |||||||||||</marc:controlfield>
        <marc:controlfield tag="008">251127s2025    ne |||||||||||||||||eng|d</marc:controlfield>
        <marc:datafield tag="010" ind1=" " ind2=" ">
            <marc:subfield code="a">  2025038945</marc:subfield>
        </marc:datafield>
        <marc:datafield tag="020" ind1=" " ind2=" ">
            <marc:subfield code="a">9789027244338</marc:subfield>
            <marc:subfield code="q">(e-Book)</marc:subfield>
        </marc:datafield>
        <marc:datafield tag="040" ind1=" " ind2=" ">
            <marc:subfield code="a">nljbp</marc:subfield>
            <marc:subfield code="b">eng</marc:subfield>
            <marc:subfield code="c">nljbp</marc:subfield>
            <marc:subfield code="d">nljbp</marc:subfield>
        </marc:datafield>
        <marc:datafield tag="050" ind1="0" ind2="0">
            <marc:subfield code="a">P251</marc:subfield>
        </marc:datafield>
        <marc:datafield tag="084" ind1=" " ind2=" ">
            <marc:subfield code="a">CFK</marc:subfield>
            <marc:subfield code="q">bicssc</marc:subfield>
        </marc:datafield>
        <marc:datafield tag="084" ind1=" " ind2=" ">
            <marc:subfield code="a">LAN009020</marc:subfield>
            <marc:subfield code="q">bisacsh</marc:subfield>
        </marc:datafield>
        <marc:datafield tag="245" ind1="0" ind2="0">
            <marc:subfield code="a">Morphology by Serial Optimization</marc:subfield>
            <marc:subfield code="c">Edited by Gereon Müller</marc:subfield>
        </marc:datafield>
        <marc:datafield tag="264" ind1=" " ind2="1">
            <marc:subfield code="a">Amsterdam ;</marc:subfield>
            <marc:subfield code="a">Philadelphia :</marc:subfield>
            <marc:subfield code="b">John Benjamins Publishing Company,</marc:subfield>
            <marc:subfield code="c">2025</marc:subfield>
        </marc:datafield>
        <marc:datafield tag="264" ind1=" " ind2="4">
            <marc:subfield code="c">©2025</marc:subfield>
        </marc:datafield>
        <marc:datafield tag="300" ind1=" " ind2=" ">
            <marc:subfield code="a">354</marc:subfield>
            <marc:subfield code="f">pages</marc:subfield>
            <marc:subfield code="a">v, 348 pp. </marc:subfield>
        </marc:datafield>
        <marc:datafield tag="336" ind1=" " ind2=" ">
            <marc:subfield code="a">text</marc:subfield>
            <marc:subfield code="b">txt</marc:subfield>
            <marc:subfield code="2">rdacontent</marc:subfield>
        </marc:datafield>
        <marc:datafield tag="337" ind1=" " ind2=" ">
            <marc:subfield code="a">computer</marc:subfield>
            <marc:subfield code="b">c</marc:subfield>
            <marc:subfield code="2">rdamedia</marc:subfield>
        </marc:datafield>
        <marc:datafield tag="338" ind1=" " ind2=" ">
            <marc:subfield code="a">online resource</marc:subfield>
            <marc:subfield code="b">cr</marc:subfield>
            <marc:subfield code="2">rdacarrier</marc:subfield>
        </marc:datafield>
        <marc:datafield tag="490" ind1="0" ind2=" ">
            <marc:subfield code="a">Linguistik Aktuell/Linguistics Today</marc:subfield>
            <marc:subfield code="x">0166-0829</marc:subfield>
            <marc:subfield code="v">289</marc:subfield>
        </marc:datafield>
        <marc:datafield tag="504" ind1=" " ind2=" ">
            <marc:subfield code="a">Includes bibliographical references and index.</marc:subfield>
        </marc:datafield>
        <marc:datafield tag="505" ind1="0" ind2=" ">
            <marc:subfield code="a">An introduction to inflectional morphology in Harmonic Serialism / Gereon Müller -- Portmanteaux as an epiphenomenon / Felicitas Andermann -- Itelmen subject-object agreement in Harmonic Serialism / Mark Bauer -- Additive deponency / Daniel Gleim -- The Modern Greek augment and past morphology in Harmonic Serialism / Yiannis Katochoritis -- The reflexive in Lithuanian and other Baltic varieties / Yuriy Kushnir -- Encoding affix predictability in Harmonic Serialism in Morphology derives affix ordering in Urarina / Katie McCann -- Exponent movement in Irarutu possession marking / Gereon Müller -- Multiple exponence in Finno-Ugric personal pronouns / Mariia Privizentseva</marc:subfield>
        </marc:datafield>
        <marc:datafield tag="520" ind1=" " ind2=" ">
            <marc:subfield code="a">
Harmonic Serialism is a derivational version of Optimality Theory that has widely been pursued for phonology and syntax but so far much less for morphology. The harmonic serialist approach to inflectional morphology underlying the contributions to the present volume is virtually unique in that it combines, from the perspective of the minimalist program, a cyclic approach to morphological structure-building with an optimality-theoretic approach to optimization; in a general taxonomy of morphological theories, it qualifies as lexical, realizational, Merge-based, and pre-syntactic.



Following a comprehensive introduction to the new theory, the book brings together eight case studies from typologically different languages (like Potawatomi, Itelmen, Acoma, Modern Greek, Lithuanian, Urarina, Irarutu, and Hill Mari) that address a number of morphological phenomena which can all be shown to empirically support a cyclic, optimality-theoretic approach (among them extended exponence, disjunctive blocking, impoverishment, deponency, portmanteau marking, and morphological movement). The book will be of use to all scholars and students interested in morphological theory.

</marc:subfield>
            <marc:subfield code="c">Provided by publisher.</marc:subfield>
        </marc:datafield>
        <marc:datafield tag="650" ind1="0" ind2="4">
            <marc:subfield code="a">Morphology</marc:subfield>
        </marc:datafield>
        <marc:datafield tag="650" ind1="0" ind2="4">
            <marc:subfield code="a">Syntax</marc:subfield>
        </marc:datafield>
        <marc:datafield tag="650" ind1="0" ind2="4">
            <marc:subfield code="a">Theoretical linguistics</marc:subfield>
        </marc:datafield>
        <marc:datafield tag="700" ind1="1" ind2=" ">
            <marc:subfield code="a">Müller, Gereon</marc:subfield>
            <marc:subfield code="e">editor</marc:subfield>
        </marc:datafield>
        <marc:datafield tag="776" ind1="1" ind2=" ">
            <marc:subfield code="i">Hardbound version:</marc:subfield>
            <marc:subfield code="d">Amsterdam ; Philadelphia : John Benjamins Publishing Company, </marc:subfield>
            <marc:subfield code="z">9789027231475</marc:subfield>
        </marc:datafield>
        <marc:datafield tag="856" ind1="4" ind2="0">
            <marc:subfield code="z">DOI</marc:subfield>
            <marc:subfield code="u">https://doi.org/10.1075/la.289</marc:subfield>
        </marc:datafield>
        <marc:datafield tag="856" ind1="4" ind2="0">
            <marc:subfield code="z">JB e-Platform</marc:subfield>
            <marc:subfield code="u">https://www.jbe-platform.com/content/books/9789027244338</marc:subfield>
        </marc:datafield>
    </marc:record>
</marc:collection>